Т. 5. Мертвые души: поэма; Собрание сочинений

Podrobná bibliografie
Parent link:Собрание сочинений: в 7 т./ Н. В. Гоголь; под ред. С. И. Машинского ; М. Б. Храпченко. Т. 5. Мертвые души.— , 1976-1978
Další autoři: Машинский С. И. (автор предисловия)
Jazyk:ruština
Vydáno: 1978
Témata:
Médium: MixedMaterials Kniha
KOHA link:https://koha.lib.tpu.ru/cgi-bin/koha/opac-detail.pl?biblionumber=231136

MARC

LEADER 00000nam2a2200000 4500
001 231136
005 20231101231045.0
035 |a (RuTPU)RU\TPU\book\252152 
035 |a RU\TPU\book\247220 
090 |a 231136 
100 |a 20130130d1978 m y0rusy50 ca 
101 0 |a rus 
102 |a RU 
105 |a y z 001ay 
200 0 |a Т. 5. Мертвые души  |e поэма  |f авт. послесловия и примеч. С. И. Машинский 
210 |d 1978 
215 |a 541 с. 
320 |a Приложения: с. 499-539 
461 1 |0 (RuTPU)RU\TPU\book\252017  |t Собрание сочинений  |o в 7 т.  |f Н. В. Гоголь  |g под ред. С. И. Машинского ; М. Б. Храпченко  |v Т. 5. Мертвые души  |d 1976-1978 
606 1 |a Русская литература, дореволюционная  |2 stltpush  |3 (RuTPU)RU\TPU\subj\26371  |9 50314 
610 1 |a художественная литература 
610 1 |a 19 век 
610 1 |a поэмы 
610 1 |a миниатюрные издания 
675 |a Р1  |v 3 
702 1 |a Машинский  |b С. И.  |4 080 
801 1 |a RU  |b 63413507  |c 20121127 
801 2 |a RU  |b 63413507  |c 20220111  |g RCR 
942 |c BK